| Поле | Название | Значение |
| |
Тип записи |
a |
| |
Библиографический уровень |
m |
| 001 |
Контрольный номер |
56bca79d4e964b2f85270492693038c8 |
| 005 |
Дата корректировки |
20180123115623.7 |
| 010 |
Индекс ISBN |
__ |
| a |
ISBN |
978-5-394-01802-2 |
| 101 |
Язык документа |
0_ |
| a |
Язык текста |
rus |
| 102 |
Страна публикации |
__ |
| a |
Страна публикации |
RU |
| 200 |
Заглавие и сведения об ответственности |
1_ |
| a |
Заглавие |
Товароведение и экспертиза одежно-обувных и пушно-меховых товаров |
| e |
Сведения, относящиеся к заглавию |
учеб. пособие |
| f |
Первые сведения об ответственности |
Т. П. Славнова |
| b |
Общее обозначение материала |
Текст |
| g |
Последующие сведения об ответственности |
под ред. С. А. Вилковой |
| 210 |
Выходные данные |
1_ |
| c |
Издательство |
Дашков и К |
| a |
Место издания |
М. |
| d |
Дата издания |
2017 |
| 215 |
Физическое описание |
__ |
| a |
Объем |
168 с. |
| 225 |
Серия |
2_ |
| a |
Серия |
Учебные издания для бакалавров |
| 610 |
Ключевые слова |
0_ |
| a |
Ключевые слова |
товароведение |
| 610 |
Ключевые слова |
0_ |
| a |
Ключевые слова |
экспертиза |
| 610 |
Ключевые слова |
0_ |
| a |
Ключевые слова |
одежда |
| 610 |
Ключевые слова |
0_ |
| a |
Ключевые слова |
ткани |
| 610 |
Ключевые слова |
0_ |
| a |
Ключевые слова |
трикотаж |
| 610 |
Ключевые слова |
0_ |
| a |
Ключевые слова |
швейные изделия |
| 610 |
Ключевые слова |
0_ |
| a |
Ключевые слова |
маркировка |
| 610 |
Ключевые слова |
0_ |
| a |
Ключевые слова |
обувь |
| 610 |
Ключевые слова |
0_ |
| a |
Ключевые слова |
пушно-меховые товары |
| 610 |
Ключевые слова |
0_ |
| a |
Ключевые слова |
потребительские свойства |
| 610 |
Ключевые слова |
0_ |
| a |
Ключевые слова |
технология производства |
| 610 |
Ключевые слова |
0_ |
| a |
Ключевые слова |
исходное сырье |
| 610 |
Ключевые слова |
0_ |
| a |
Ключевые слова |
ассортимент |
| 610 |
Ключевые слова |
0_ |
| a |
Ключевые слова |
качество |
| 610 |
Ключевые слова |
0_ |
| a |
Ключевые слова |
учебное пособие |
| a |
Ключевые слова |
бакалавриат |
| a |
Ключевые слова |
высшее образование |
| 686 |
Индексы других классификаций |
__ |
| a |
Классификационный индекс |
37.255-9 |
| 2 |
Код системы |
rubbk |
| 686 |
Индексы других классификаций |
__ |
| a |
Классификационный индекс |
37.257-9 |
| 2 |
Код системы |
rubbk |
| 686 |
Индексы других классификаций |
__ |
| a |
Классификационный индекс |
30.609я73 |
| 2 |
Код системы |
rubbk |
| 700 |
Автор |
_1 |
| a |
Фамилия |
Славнова |
| b |
Имя |
Т. П. |
| g |
Полное личное имя |
Тамара Павловна |
| 702 |
Вторичная интеллектуальная ответственность |
_1 |
| a |
Фамилия |
Вилкова |
| b |
Имя |
С. А. |
| 4 |
Код отношения |
340 |
| 801 |
Источник записи |
_0 |
| a |
Страна |
RU |
| b |
Организация |
РУК |
| c |
Дата составления |
20171127 |
| g |
Правила каталогизации |
PSBO |
| 801 |
Источник записи |
_1 |
| a |
Страна |
RU |
| b |
Организация |
РУК |
| g |
Правила каталогизации |
PSBO |
| 852 |
Данные о местонахождении |
__ |
| i |
Авторский знак |
С 47 |
| j |
Шифр хранения |
ББК 30.609 |
| 901 |
Тип документа |
__ |
| t |
Тип документа |
m |
| 937 |
Технологическая информация |
__ |
| a |
Создатель записи (имя) |
Мясникова |
| 938 |
Служебная информация |
__ |
| a |
Название организации |
Головной вуз |
| 952 |
Тип литературы |
__ |
| c |
Вид литературы |
учебное пособие |